| 000 | 01187cam a22003377a 4500 | ||
|---|---|---|---|
| 003 | CHAP | ||
| 005 | 20220329135939.0 | ||
| 008 | 971013s1988 r 00010 d | ||
| 010 | _a44528 | ||
| 011 | _a45500 | ||
| 035 | _a49639 | ||
| 040 | _cCHAP | ||
| 090 | _aTesis | ||
| 100 | 0 | 0 |
_aRamírez Sandoval, Gerardo. _994262 |
| 245 | 1 | 3 |
_aLa sigatoka negra del plátano en Tabasco _b: análisis de la epidemia y desarrollo de un modelo de pronóstico |
| 260 |
_aChapingo, Méx. : _bEl autor, _c1988 |
||
| 300 |
_a79 h. _b; gráfs. |
||
| 502 | _aTesis (M. C. Esp. en Fitopatología) -- Colegio de Postgraduados. Centro de Fitopatología | ||
| 590 |
_aALEPH _b10 _c20130110 _lUCH01 _h1313 |
||
| 590 |
_aBATCH-UPD _b10 _c20130110 _lUCH01 _h1339 |
||
| 590 |
_aBATCH-UPD _b10 _c20130410 _lUCH01 _h0841 |
||
| 590 |
_aBATCH-UPD _b10 _c20130914 _lUCH01 _h1835 |
||
| 590 |
_aCONVERSION _b10 _c20130109 _lUCH01 _h1324 |
||
| 650 | 1 | 4 |
_aMycosphaerella fijiensis. _979933 |
| 650 | 1 | 4 |
_aPlátano _xEnfermedades. _989231 |
| 650 | 1 | 4 |
_aPlátano _xTabasco. _989270 |
| 901 | _aBK | ||
| 942 | _cFOLL | ||
| 949 |
_bBC _cTES _d-111899 _eTS1 _h20517 _i49639 _si |
||
| 949 |
_bBC _cTES _d-111900 _eTS2 _fc.2 _h20518 _i49639 _si |
||
| 999 |
_c44528 _d44528 |
||